| 000 | 01176cam a2200313 4500 | ||
|---|---|---|---|
| 001 | M83087 | ||
| 008 | 090401t1995 xxu||||| |||| 00| 0 eng d | ||
| 035 | _a(Sirsi) u77455 | ||
| 041 | _aeng | ||
| 050 | _a711.4 | ||
| 100 | _aBarton, Hugh | ||
| 245 | _aSustainable settlements : a guide for planners, designers and developers costs. | ||
| 260 |
_aBristol _bUniversity of the West of England _c1995 |
||
| 300 | _a247p. : ill. ; 21x30cm. | ||
| 350 | _a35 | ||
| 520 | _aThis guide is aimed at planners, designers and developers to provide a practical framework for the implementation of sustainable development in all areas of the planning process. As well as including basic checklists, this guide also provides detailed planning and design guidance. | ||
| 650 |
_aEnvironment _96238 |
||
| 650 | _aPLANNING GUIDANCE | ||
| 650 | _aPLANNING | ||
| 650 |
_aSustainability _96271 |
||
| 650 | _aSUSTAINABLE DEVELOPMENT | ||
| 690 | _aPLANNING LAW AND PRACTICE | ||
| 700 | _aDavis, Geoff | ||
| 700 | _aGuise, Richard | ||
| 710 |
_aLocal Government Management Board _92741 |
||
| 710 |
_aUniversity of the West of England _93479 |
||
| 942 | _n0 | ||
| 948 | _c27/03/1997 | ||
| 999 |
_c96312 _d96312 |
||